International accounting : A case approach
Salvato in:
| Autore principale: | |
|---|---|
| Natura: | Libro |
| Lingua: | Undetermined |
| Pubblicazione: |
New York
McGraw-Hill
1995
|
| Soggetti: | |
| Tags: |
Aggiungi Tag
Nessun Tag, puoi essere il primo ad aggiungerne! !
|
| Thư viện lưu trữ: | Trung tâm Học liệu Trường Đại học Cần Thơ |
|---|
| LEADER | 00547nam a2200193Ia 4500 | ||
|---|---|---|---|
| 001 | CTU_23665 | ||
| 008 | 210402s9999 xx 000 0 und d | ||
| 082 | |a 657.96 | ||
| 082 | |b S413 | ||
| 100 | |a Schweikart, James A. | ||
| 245 | 0 | |a International accounting : | |
| 245 | 2 | |b A case approach | |
| 245 | 0 | |c James A. Schweikart, Clare B. Roberts, Sidney J. Gray | |
| 260 | |a New York | ||
| 260 | |b McGraw-Hill | ||
| 260 | |c 1995 | ||
| 650 | |a Accounting | ||
| 904 | |i Phượng, QHieu | ||
| 980 | |a Trung tâm Học liệu Trường Đại học Cần Thơ | ||